Cuentos para adolescentes románticos

שמור ב:
מידע ביבליוגרפי
מחבר ראשי: Schkolnik, Saúl (Author)
פורמט: ספר
שפה:ספרדית
יצא לאור: Santiago Zig-Zag 1993
מהדורה:3a. ed
סדרה:Biblioteca de Obras Escogidas Zig-Zag
נושאים:
תגים: הוספת תג
אין תגיות, היה/י הראשונ/ה לתייג את הרשומה!

MARC

LEADER 00000nam a2200000 a 4500
001 UCH5555
003 CL-VaPUC
008 091014e19930000CL |||||||||||||||||spa|d
020 |a 9561205629 
082 0 4 |a Ch863  |b SCH  |2 21 
100 0 |a Schkolnik, Saúl  |e author  |9 541848 
245 1 0 |a Cuentos para adolescentes románticos 
250 |a 3a. ed 
300 |a 110 p 
942 |c BK 
945 |d 20091014 00:00:00  |a ccalabra 
260 |a Santiago  |b Zig-Zag  |c 1993 
650 0 |a Literatura  |9 259151 
650 0 |a Literatura chilena   |9 308278 
650 0 |a Cuentos  |9 308079 
650 0 |a Cuentos chilenos   |9 308280 
650 0 |a Escritores chilenos   |9 420370 
650 0 |a Cuentos infantiles  |9 308044 
650 0 |a Lectura  |9 307634 
651 7 |a CHILE  |2 CL-VaPUC  |9 541849 
583 |a last modification  |c 20091014 00:00:00  |k Rodrigo Vera 
490 0 |a Biblioteca de Obras Escogidas Zig-Zag 
999 |c 336679  |d 336677